00445nam a2200157Ia 4500008004100000040001900041041001200060082002200072245004700094260003800141300001900179650001900198651003500217700001800252850001700270131103s9999 xx 000 0 und d aLoreto College aEnglish a821.08/EDGbLCLIB 2aA treasury qf balladscEdited by M G Edgar aLondonbGeorge G Harrap Co.c1913 a180p. c 19cm. aEnglish poetry aEnglish iiterature-Short story aEdgar M G ed. aLCLIB/821.08